Progress in Botany 72

With one volume each year, this series keeps scientists and advanced students informed of the latest developments and results in all areas of the plant sciences.

Bibliographic Details
Corporate Author: SpringerLink (Online service)
Other Authors: Lüttge, Ulrich E. (Editor), Beyschlag, Wolfram (Editor), Büdel, Burkhard (Editor), Francis, Dennis (Editor)
Format: Electronic eBook
Language:English
Published: Berlin, Heidelberg : Springer Berlin Heidelberg : Imprint: Springer, 2011.
Series:Progress in Botany, Genetics - Physiology - Systematics - Ecology, 72
Subjects:
Online Access:Full Text via HEAL-Link
LEADER 02203nam a22005535i 4500
001 978-3-642-13145-5
003 DE-He213
005 20151031151122.0
007 cr nn 008mamaa
008 101013s2011 gw | s |||| 0|eng d
020 |a 9783642131455  |9 978-3-642-13145-5 
024 7 |a 10.1007/978-3-642-13145-5  |2 doi 
040 |d GrThAP 
050 4 |a QK1-989 
072 7 |a PST  |2 bicssc 
072 7 |a SCI011000  |2 bisacsh 
072 7 |a NAT026000  |2 bisacsh 
082 0 4 |a 580  |2 23 
245 1 0 |a Progress in Botany 72  |h [electronic resource] /  |c edited by Ulrich E. Lüttge, Wolfram Beyschlag, Burkhard Büdel, Dennis Francis. 
264 1 |a Berlin, Heidelberg :  |b Springer Berlin Heidelberg :  |b Imprint: Springer,  |c 2011. 
300 |a XII, 396 p. 70 illus., 19 illus. in color.  |b online resource. 
336 |a text  |b txt  |2 rdacontent 
337 |a computer  |b c  |2 rdamedia 
338 |a online resource  |b cr  |2 rdacarrier 
347 |a text file  |b PDF  |2 rda 
490 1 |a Progress in Botany, Genetics - Physiology - Systematics - Ecology,  |x 0340-4773 ;  |v 72 
505 0 |a Review -- Genetics -- Physiology -- Systematics -- Ecology. 
520 |a With one volume each year, this series keeps scientists and advanced students informed of the latest developments and results in all areas of the plant sciences. 
650 0 |a Life sciences. 
650 0 |a Plant science. 
650 0 |a Botany. 
650 0 |a Plant genetics. 
650 0 |a Plant physiology. 
650 1 4 |a Life Sciences. 
650 2 4 |a Plant Sciences. 
650 2 4 |a Plant Physiology. 
650 2 4 |a Plant Genetics & Genomics. 
650 2 4 |a Plant Systematics/Taxonomy/Biogeography. 
700 1 |a Lüttge, Ulrich E.  |e editor. 
700 1 |a Beyschlag, Wolfram.  |e editor. 
700 1 |a Büdel, Burkhard.  |e editor. 
700 1 |a Francis, Dennis.  |e editor. 
710 2 |a SpringerLink (Online service) 
773 0 |t Springer eBooks 
776 0 8 |i Printed edition:  |z 9783642131448 
830 0 |a Progress in Botany, Genetics - Physiology - Systematics - Ecology,  |x 0340-4773 ;  |v 72 
856 4 0 |u http://dx.doi.org/10.1007/978-3-642-13145-5  |z Full Text via HEAL-Link 
912 |a ZDB-2-SBL 
950 |a Biomedical and Life Sciences (Springer-11642)